| 000 | 00549nam a2200157Ia 4500 | ||
|---|---|---|---|
| 008 | 100122s9999 xx 000 0 und d | ||
| 082 |
_b14996 _a823 |
||
| 100 | _aआपटे ना ह | ||
| 245 | _aरजपुतांचा भीष्म कॅरीबॅग 4 | ||
| 250 | _a0 | ||
| 260 |
_bआपटे आणि मंडळी _c1949 |
||
| 300 | _a488 | ||
| 630 | _aरजपुतांचा भीष्म कॅरीबॅग 4 | ||
| 730 | _aरजपुतांचा भीष्म कॅरीबॅग 4 | ||
| 942 | _cBOOK | ||
| 999 |
_c405339 _d405336 |
||